Qủy dữ phá thiên đường

Salvato in:
Dettagli Bibliografici
Autore principale: Michener, James A.
Natura: Libro
Lingua:Undetermined
Pubblicazione: Thành phố Hồ Chí Minh Văn nghệ Thành phố Hồ Chí Minh 2002
Soggetti:
Tags: Aggiungi Tag
Nessun Tag, puoi essere il primo ad aggiungerne! !
Thư viện lưu trữ: Trung tâm Học liệu Trường Đại học Cần Thơ
LEADER 00620nam a2200205Ia 4500
001 CTU_64105
008 210402s9999 xx 000 0 und d
020 |c 52000 
082 |a 813.54 
082 |b M623 
100 |a Michener, James A. 
245 0 |a Qủy dữ phá thiên đường 
245 0 |c James A. Michener 
260 |a Thành phố Hồ Chí Minh 
260 |b Văn nghệ Thành phố Hồ Chí Minh 
260 |c 2002 
650 |a American fiction,Tiểu thuyết Mỹ 
650 |y 19th century 
904 |i Năm 
980 |a Trung tâm Học liệu Trường Đại học Cần Thơ